Solemne sesión inaugural del curso académico, celebrada el... de 1971 (Record no. 130487)

MARC details
000 -LEADER
campo de control de longitud fija 00889nam a2200205 i 4500
001 - NÚMERO DE CONTROL
campo de control 130487
003 - IDENTIFICADOR DE NÚMERO DE CONTROL
campo de control ES-MaACL
005 - FECHA Y HORA DE LA ÚLTIMA TRANSACCIÓN
campo de control 20250815112602.0
007 - CAMPO FIJO DE DESCRIPCIÓN FÍSICA--INFORMACIÓN GENERAL
campo de control de longitud fija t|
008 - DATOS DE LONGITUD FIJA--INFORMACIÓN GENERAL
campo de control de longitud fija 070730s1971 sp ||||1| spa d
100 1# - ENTRADA PRINCIPAL--NOMBRE DE PERSONA
Nombre de persona Zapatero Ballesteros, Faustino.
9 (RLIN) 118011
245 10 - MENCIÓN DEL TÍTULO
Título Solemne sesión inaugural del curso académico, celebrada el... de 1971
Resto del título : memoria de la Real Academia de Medicina y Cirugía correspondiente al año 1970 /
Mención de responsabilidad, etc. Faustino Zapatero Ballesteros ; Discurso inaugural : Los agentes quelantes en medicina y bioquímica / por José Mª Recio Pascual.
260 ## - PUBLICACIÓN, DISTRIBUCIÓN, ETC.
Lugar de publicación, distribución, etc. Valladolid :
Nombre del editor, distribuidor, etc. Server-Cuesta,
Fecha de publicación, distribución, etc. [1971]
300 ## - DESCRIPCIÓN FÍSICA
Extensión 90 p. ;
Dimensiones 24 cm.
650 17 - PUNTO DE ACCESO ADICIONAL DE MATERIA--TÉRMINO DE MATERIA
Término de materia o nombre geográfico como elemento de entrada Bioquímica
Fuente del encabezamiento o término embne
9 (RLIN) 136796
700 1# - ENTRADA AGREGADA--NOMBRE PERSONAL
Nombre de persona Recio Pascual, José María.
9 (RLIN) 95771
710 2# - ENTRADA AGREGADA--NOMBRE DE ENTIDAD CORPORATIVA
Nombre de entidad corporativa o nombre de jurisdicción como elemento de entrada Real Academia de Medicina y Cirugía de Valladolid.
9 (RLIN) 6330
852 ## - LOCALIZACIÓN
Ubicación ES-MaACL
Número de control de estantería C-44042
Sublocalización o colección R.76627
Holdings
Estatus retirado Estado de pérdida Estado de daño No para préstamo Biblioteca de origen Biblioteca actual Ubicación en estantería Fecha de adquisición Fuente de adquisición Total de préstamos Signatura topográfica completa Código de barras Visto por última vez Precio de reemplazo Tipo de ítem Koha
        Biblioteca del Ateneo de Madrid Biblioteca del Ateneo de Madrid Depósito 2 17/01/2008     C-44042 1135864 23/02/2023 23/02/2023 Libro impreso